| 000 | 00723nam a22002177a 4500 | ||
|---|---|---|---|
| 003 | OSt | ||
| 005 | 20260423015213.0 | ||
| 008 | 260423b |||||||| |||| 00| 0 eng d | ||
| 020 | _a0-415-34495-6 | ||
| 040 |
_aDWC-Main Lib. _cOC |
||
| 082 |
_22nd _aRes. 299.31211 H325 2005 |
||
| 100 | _aHart, George | ||
| 245 |
_aThe Routledge dictionary of egyptian gods and goddesses, _b 2nd ed./ _cGeorge Hart |
||
| 250 | _a 2nd ed. | ||
| 260 |
_aNew York : Routlegde, c2003 _bRoutlegde, _cc2003. |
||
| 300 |
_axiii, 170 p. : _c22 cm. |
||
| 500 | _aIncludes bibliographical references. | ||
| 650 | _a1. Gods, egyptian - dictionaries. | ||
| 650 | _a2. Mythology, egyptian - dictionary. | ||
| 942 |
_2ddc _cBK-0 CIRC _hRes. _n0 |
||
| 999 |
_c9758 _d9758 |
||